[Event "ESP-ch U16"]
[Site "Mondariz"]
[Date "2003.07.17"]
[Round "6.3"]
[White "Recuero Guerra, Javier"]
[Black "Bermejo Martinez, Borja"]
[Result "1/2-1/2"]
[WhiteElo "2191"]
[BlackElo "2121"]
[PlyCount "111"]
[EventDate "2003.07.15"]
[EventType "swiss"]
[EventRounds "8"]
[EventCountry "ESP"]
[SourceTitle "CBM 095 Extra"]
[Source "ChessBase"]
[SourceDate "2003.09.04"]
[SourceVersion "1"]
[SourceVersionDate "2003.09.04"]
[SourceQuality "1"]

1. e4 e6 2. d4 d5 3. Nc3 Nf6 4. e5 Nfd7 5. f4 c5 6. Nf3 Nc6 7. dxc5 Bxc5 8. Bd3 a6 9. Ng5 Be7 10. h4 h5 11. Be2 g6 12. Nb1 Qb6 13. c3 Bc5 14. Qd3 Ne7 15. Qf3 Nf5 16. Bd3 Be3 17. Nd2 Nh6 18. Ke2 Ng4 19. Nb3 Bf2 20. g3 a5 21. Nh3 Bc5 22. Nxc5 Nxc5 23. Nf2 Nxd3 24. Nxd3 Bd7 25. Be3 Qc7 26. Bd4 Bb5 27. Kd2 Nh6 28. Rhc1 Nf5 29. Bf2 Rd8 30. b3 Bxd3 31. Qxd3 Qc6 32. Bd4 Ke7 33. Rab1 Rc8 34. Rc2 Rhd8 35. Rbc1 b5 36. Rd1 Rd7 37. Re1 b4 38. Rec1 Rdc7 39. Bf2 bxc3+ 40. Rxc3 Qb7 41. Rxc7+ Rxc7 42. Rxc7+ Qxc7 43. Qb5 d4 44. Qc4 Qxc4 45. bxc4 Kd7 46. Kd3 Kc6 47. Bxd4 Nxg3 48. Bf2 Nf5 49. Kc3 Kb7 50. a3 Ne7 51. Be3 Nf5 52. Bf2 Ne7 53. Bc5 Nf5 54. Bf2 Ne7 55. Be3 Nf5 56. Bf2 1/2-1/2